| 000 | 00329nam a22001217a 4500 | ||
|---|---|---|---|
| 008 | 230621b xxu||||| |||| 00| 0 eng d | ||
| 082 |
_a328.3 _bIPU 1994 |
||
| 245 | _aChronicle of Parliamentary Elections and Developments | ||
| 260 |
_aGeneva _bInter-Parliamentary Union _c1994 |
||
| 300 | _a196p | ||
| 440 | _v28 | ||
| 942 |
_2ddc _cBK |
||
| 999 |
_c2007 _d2007 |
||